000 00682nam a22001817a 4500
999 _c196482
_d196482
005 20230714150828.0
010 _aB-754612-627 CHHN 25.5.23
020 _a9788181538987
_c180.00
035 _a B-754612-627
037 _bRainbow Books
082 _aS
245 _aBest of Akbar and Birbal/
260 _aDelhi
_bRainbow Books
_c2019
270 _aF-32, Street No. 12, Parwana Road, Jagat Puri
_bDelhi
_e110051
300 _a96p.
_c21cm(hb)
942 _2ddc
_cCH
_mBES
_hS